|
|
|
|
| LEADER |
00000nam0a2200000 4500 |
| 001 |
319719 |
| 005 |
20231102003216.0 |
| 035 |
|
|
|a (RuTPU)RU\TPU\book\345229
|
| 035 |
|
|
|a RU\TPU\book\292506
|
| 090 |
|
|
|a 319719
|
| 100 |
|
|
|a 20160607d1970 k y0rusy50 ca
|
| 101 |
0 |
|
|a rus
|
| 102 |
|
|
|a RU
|
| 105 |
|
|
|a a z 001zy
|
| 200 |
1 |
|
|a Монтаж технологического оборудования и трубопроводов сернокислотного производства
|f К. М. Гайдамак, Б. А. Тыркин
|
| 210 |
|
|
|a Москва
|c Стройиздат
|d 1970
|
| 215 |
|
|
|a 168 с.
|c ил.
|
| 320 |
|
|
|a Библиогр.: с. 166
|
| 606 |
1 |
|
|a Сернокислотные заводы
|x Оборудование
|x Монтаж
|2 stltpush
|3 (RuTPU)RU\TPU\subj\32056
|9 54730
|
| 610 |
1 |
|
|a монтажные работы
|
| 610 |
1 |
|
|a трубопроводы
|
| 610 |
1 |
|
|a технологическое оборудование
|
| 610 |
1 |
|
|a сернокислотное производство
|
| 610 |
1 |
|
|a монтаж
|
| 675 |
|
|
|a 661.25
|v 4
|
| 700 |
|
1 |
|a Гайдамак
|b К. М.
|g Карл Максович
|
| 701 |
|
1 |
|a Тыркин
|b Б. А.
|g Борис Александрович
|
| 801 |
|
1 |
|a RU
|b 63413507
|c 20140917
|
| 801 |
|
2 |
|a RU
|b 63413507
|c 20171102
|g RCR
|
| 942 |
|
|
|c BK
|